ARRUPE JESUIT UNIVERSITY

CORONAVIRUS -STOP THE SPREAD - CLEAN,DISINFECT,COVER

The true state of the planet (Record no. 58754)

MARC details
000 -LEADER
fixed length control field 00562nam a2200217Ia 4500
003 - CONTROL NUMBER IDENTIFIER
control field 0100
005 - DATE AND TIME OF LATEST TRANSACTION
control field 20170921120656.0
008 - FIXED-LENGTH DATA ELEMENTS--GENERAL INFORMATION
fixed length control field 130303s9999 xx 000 0 und d
020 ## - INTERNATIONAL STANDARD BOOK NUMBER
International Standard Book Number 0028740106
040 ## - CATALOGING SOURCE
Transcribing agency ARRUPELIB
050 ## - LIBRARY OF CONGRESS CALL NUMBER
Classification number GE195.B35 1995
300 ## - PHYSICAL DESCRIPTION
Other physical details 472p. 23cm.
100 ## - MAIN ENTRY--PERSONAL NAME
Personal name A project of the competitive Enterprise Institute
9 (RLIN) 36058
245 #4 - TITLE STATEMENT
Title The true state of the planet
260 ## - PUBLICATION, DISTRIBUTION, ETC. (IMPRINT)
Name of publisher, distributor, etc The Free Press
Place of publication, distribution, etc Tokyo
Date of publication, distribution, etc 1995
300 ## - PHYSICAL DESCRIPTION
Extent viii
650 ## - SUBJECT ADDED ENTRY--TOPICAL TERM
Topical term following geographic name as entry element Environmentalism
9 (RLIN) 36059
650 ## - SUBJECT ADDED ENTRY--TOPICAL TERM
Topical term following geographic name as entry element Environmental protection
9 (RLIN) 23537
650 ## - SUBJECT ADDED ENTRY--TOPICAL TERM
Topical term following geographic name as entry element Environmental policy
9 (RLIN) 23565
700 ## - ADDED ENTRY--PERSONAL NAME
Personal name Bailey, Ronald ed.
9 (RLIN) 36060
942 ## - ADDED ENTRY ELEMENTS (KOHA)
Source of classification or shelving scheme Library of Congress Classification
Koha issues (borrowed), all copies 1
Koha item type Monograph ( Printed materials)
Holdings
Withdrawn status Lost status Source of classification or shelving scheme Damaged status Not for loan Collection code Home library Current library Shelving location Date acquired Total Checkouts Full call number Barcode Date last seen Date checked out Copy number Price effective from Koha item type
    Library of Congress Classification     Main Collection ARRUPE LIBRARY ARRUPE LIBRARY   05/03/2013 1 GE195.B35 1995 46003090930 09/04/2018 28/10/2013 1 05/03/2013 Monograph ( Printed materials)

 

Arrupe Library. PO Box MP320 Mt Pleasant, Harare, Zimbabwe
263 242 745411|librarian@aju.ac.zw